[Event "Alzira op 12th"]
[Site "Alzira"]
[Date "2022.12.29"]
[Round "5"]
[White "Barbero Verdu, Francisco"]
[Black "Juan Soriano, Leo"]
[Result "1-0"]
[WhiteElo "1918"]
[BlackElo "1654"]
[PlyCount "69"]
[EventDate "2022.12.27"]
[EventType "swiss"]
[EventRounds "8"]
[EventCountry "ESP"]
[SourceTitle "CBM 212 Extra"]
[Source "ChessBase"]
[SourceDate "2023.03.31"]
[SourceVersion "1"]
[SourceVersionDate "2023.03.31"]
[SourceQuality "1"]

1. c4 c5 2. Nc3 Nc6 3. g3 Nf6 4. Bg2 g6 5. e3 Bg7 6. Nge2 d6 7. 0-0 Bg4 8. h3 Bd7 9. b3 Rb8 10. Bb2 Nb4 11. d4 cxd4 12. Nxd4 Qc8 13. a3 Nc6 14. Kh2 0-0 15. Rc1 Nxd4 16. exd4 Bc6 17. d5 Bd7 18. Re1 Re8 19. Qd2 Qd8 20. Re3 Bh6 21. f4 Bf5 22. Ne2 Qb6 23. Bd4 Qd8 24. Bf3 Bd7 25. g4 Bg7 26. Ng3 b5 27. g5 Nh5 28. Bxh5 gxh5 29. Bxg7 Kxg7 30. Qd4+ f6 31. Nxh5+ Kg6 32. gxf6 Qb6 33. Rg1+ Kxh5 34. Qe4 exf6 35. Qxh7# 1-0

[Event "Alzira op 12th"]
[Site "Alzira"]
[Date "2022.12.27"]
[Round "2"]
[White "Huerta Martinez, Alberto"]
[Black "Juan Soriano, Leo"]
[Result "0-1"]
[WhiteElo "1937"]
[BlackElo "1654"]
[PlyCount "113"]
[EventDate "2022.12.27"]
[EventType "swiss"]
[EventRounds "8"]
[EventCountry "ESP"]
[SourceTitle "CBM 212 Extra"]
[Source "ChessBase"]
[SourceDate "2023.03.31"]
[SourceVersion "1"]
[SourceVersionDate "2023.03.31"]
[SourceQuality "1"]

1. c4 c5 2. Nc3 Nc6 3. Nf3 Nf6 4. d3 g6 5. Bg5 Bg7 6. e3 0-0 7. Be2 b6 8. 0-0 Bb7 9. a3 h6 10. Bxf6 Bxf6 11. Qc2 Ne5 12. Nd5 e6 13. Nxf6+ Qxf6 14. Nxe5 Qxe5 15. d4 Qg5 16. g3 h5 17. f4 Qf6 18. Rad1 cxd4 19. Rxd4 Rad8 20. Rd6 h4 21. g4 g5 22. Qf5 Qxf5 23. gxf5 Kh8 24. f6 Rg8 25. f5 exf5 26. Rxf5 Be4 27. Re5 Bc6 28. Bh5 Rde8 29. Rxe8 Rxe8 30. Kf2 Re6 31. Rxe6 fxe6 32. b4 Kg8 33. c5 bxc5 34. bxc5 Kf8 35. Bg6 e5 36. e4 g4 37. Ke3 Ba4 38. Bh5 Bb5 39. Kd2 a6 40. Bxg4 Kf7 41. Kc3 a5 42. Bd1 Kxf6 43. Kd2 d6 44. cxd6 Ke6 45. Ke3 Kxd6 46. Kf3 Bd3 47. Bb3 Kc5 48. Ke3 Bc4 49. Ba4 Bf1 50. Bd7 Kc4 51. Be6+ Kc3 52. Bd5 h3 53. Kf2 Bg2 54. Kg3 Kd3 55. Kg4 Bxe4 56. Bxe4+ Kxe4 57. Kxh3 0-1

[Event "Alzira Chrismas 7th"]
[Site "Alzira"]
[Date "2017.12.28"]
[Round "4.5"]
[White "Blasco Marques, Salvador"]
[Black "Juan Soriano, Leo"]
[Result "0-1"]
[WhiteElo "1994"]
[BlackElo "1693"]
[PlyCount "134"]
[EventDate "2017.12.27"]
[EventType "swiss"]
[EventRounds "8"]
[EventCountry "ESP"]
[SourceTitle "EXT 2024"]
[Source "ChessBase"]
[SourceDate "2023.10.10"]
[SourceVersion "1"]
[SourceVersionDate "2023.10.10"]
[SourceQuality "1"]

1. e4 e5 2. f4 exf4 3. Nf3 g5 4. Bc4 Bg7 5. 0-0 d6 6. d4 Be6 7. Bxe6 fxe6 8. g3 g4 9. Ng5 Qxg5 10. Rxf4 Nf6 11. Rf5 Qg6 12. Rg5 Qf7 13. Nc3 a6 14. e5 dxe5 15. dxe5 Nfd7 16. Rxg4 Bxe5 17. Ne4 Nc6 18. c3 0-0-0 19. Qb3 h6 20. Bf4 Bxf4 21. Rxf4 Qe7 22. Rf2 Rhf8 23. Re2 Nc5 24. Qc4 Nxe4 25. Rxe4 e5 26. b4 Qf7 27. Qe2 Qf3 28. a4 Qxc3 29. Ra2 Kb8 30. Rc4 Qf3 31. Qxf3 Rxf3 32. b5 axb5 33. axb5 Nd4 34. Rc5 Re3 35. Rb2 b6 36. Rc1 Ne2+ 37. Kf2 Nxc1 38. Kxe3 Nd3 39. Rd2 e4 40. g4 Kc8 41. h4 Nc5 42. Rg2 Rd3+ 43. Ke2 Kd7 44. g5 hxg5 45. hxg5 Ne6 46. Rg4 Nd4+ 47. Ke1 Nf5 48. g6 Ng7 49. Ke2 Rb3 50. Rf4 Ke6 51. Rf7 Ne8 52. Rf8 Ng7 53. Rf7 Nh5 54. Rxc7 Nf4+ 55. Kd2 Nxg6 56. Rc6+ Kf5 57. Rxb6 Ne5 58. Rb8 e3+ 59. Kd1 Rb2 60. b6 Ke4 61. b7 e2+ 62. Kc1 Rxb7 63. Rxb7 e1Q+ 64. Kc2 Qe2+ 65. Kb3 Qc4+ 66. Kb2 Nd3+ 67. Ka1 Qa6+ 0-1

[Event "Xeraco Region-ch Primera"]
[Site "Xeraco"]
[Date "2016.11.19"]
[Round "7"]
[White "Juan Soriano, Leo"]
[Black "Carles Montaner, Ismael"]
[Result "0-1"]
[WhiteElo "1666"]
[BlackElo "1813"]
[PlyCount "64"]
[EventDate "2016.10.01"]
[EventType "swiss"]
[EventRounds "7"]
[EventCountry "ESP"]
[SourceTitle "EXT 2024"]
[Source "ChessBase"]
[SourceDate "2023.10.10"]
[SourceVersion "1"]
[SourceVersionDate "2023.10.10"]
[SourceQuality "1"]

1. e4 c5 2. c3 Nf6 3. e5 Nd5 4. d4 e6 5. Bc4 d6 6. Nf3 Be7 7. 0-0 0-0 8. Re1 cxd4 9. exd6 Bxd6 10. Nxd4 Bd7 11. Nb5 Bxb5 12. Bxb5 Qb6 13. Bc4 Bc5 14. Qf3 Nc6 15. Bxd5 exd5 16. b4 Rfe8 17. Bd2 Bxf2+ 18. Qxf2 d4 19. Na3 Rxe1+ 20. Bxe1 Rd8 21. Nc4 Qb5 22. Na5 Ne5 23. cxd4 Nd3 24. Qh4 Re8 25. Rb1 Qf5 26. Rd1 g5 27. Qg3 Nf4 28. Qf2 Re2 29. Qf3 Qc2 30. Ra1 Rxg2+ 31. Kf1 g4 32. Qd1 Rg1+ 0-1

[Event "Xeraco Region-ch Primera"]
[Site "Xeraco"]
[Date "2016.10.08"]
[Round "2"]
[White "Juan Soriano, Leo"]
[Black "Grau Peris, Ruben"]
[Result "0-1"]
[WhiteElo "1666"]
[BlackElo "1857"]
[PlyCount "104"]
[EventDate "2016.10.01"]
[EventType "swiss"]
[EventRounds "7"]
[EventCountry "ESP"]
[SourceTitle "EXT 2024"]
[Source "ChessBase"]
[SourceDate "2023.10.10"]
[SourceVersion "1"]
[SourceVersionDate "2023.10.10"]
[SourceQuality "1"]

1. e4 e6 2. d4 d5 3. Nd2 Nf6 4. e5 Nfd7 5. Ngf3 c5 6. c3 Nc6 7. a3 Qb6 8. Nb3 a5 9. dxc5 Bxc5 10. Nxc5 Qxc5 11. Be3 Qe7 12. Bg5 Qf8 13. Qa4 h6 14. Bh4 Nb6 15. Qb5 Nd7 16. Be2 Qc5 17. 0-0 Qxb5 18. Bxb5 Na7 19. Bd3 Nc5 20. Bc2 0-0 21. Be7 Nd7 22. Bxf8 Kxf8 23. b4 Nc6 24. Rfe1 g5 25. b5 Ne7 26. Nd4 a4 27. Re3 Nb6 28. Bd3 Bd7 29. Rb1 Rc8 30. Be2 Ng6 31. g3 Be8 32. Rb4 Nd7 33. Nf3 Nb6 34. h4 gxh4 35. Nxh4 Ne7 36. Ng2 Nf5 37. Rf3 Nd7 38. g4 Nxe5 39. Rh3 Nd6 40. Rxh6 Rxc3 41. Rxa4 Rc1+ 42. Kh2 Bxb5 43. Bxb5 Nxb5 44. Rh3 d4 45. Rg3 d3 46. Ra5 d2 47. Ne3 Nc4 48. Rxb5 Nxe3 49. Rxe3 d1Q 50. Kg2 Qg1+ 51. Kf3 Rc2 52. Rxb7 Qh1+ 0-1

[Event "Xeraco Region-ch Segunda"]
[Site "Xeraco"]
[Date "2015.11.14"]
[Round "6.3"]
[White "Mira Barea, Aaron"]
[Black "Juan Soriano, Leo"]
[Result "0-1"]
[WhiteElo "1395"]
[BlackElo "1692"]
[PlyCount "48"]
[EventDate "2015.10.03"]
[EventType "swiss"]
[EventRounds "7"]
[EventCountry "ESP"]
[SourceTitle "EXT 2024"]
[Source "ChessBase"]
[SourceDate "2023.10.10"]
[SourceVersion "1"]
[SourceVersionDate "2023.10.10"]
[SourceQuality "1"]

1. c4 e5 2. g3 c6 3. Bg2 d5 4. cxd5 cxd5 5. e3 Nf6 6. Nc3 Nc6 7. Qb3 Nb4 8. Nce2 Qc7 9. Kf1 Bf5 10. Qc3 Qxc3 11. Nxc3 Bd3+ 12. Nge2 d4 13. Nd1 Nc2 14. Bxb7 Rd8 15. Bc6+ Nd7 16. Rb1 Nxe3+ 17. dxe3 Bxb1 18. exd4 exd4 19. Nxd4 Bxa2 20. Kg2 Bb4 21. Nc3 Bxc3 22. bxc3 f6 23. Rd1 Kf7 24. Bxd7 Rxd7 0-1

[Event "Xeraco Region-ch Segunda"]
[Site "Xeraco"]
[Date "2015.11.07"]
[Round "5.3"]
[White "Garcia Soler, Juan"]
[Black "Juan Soriano, Leo"]
[Result "0-1"]
[WhiteElo "1342"]
[BlackElo "1692"]
[PlyCount "46"]
[EventDate "2015.10.03"]
[EventType "swiss"]
[EventRounds "7"]
[EventCountry "ESP"]
[SourceTitle "EXT 2024"]
[Source "ChessBase"]
[SourceDate "2023.10.10"]
[SourceVersion "1"]
[SourceVersionDate "2023.10.10"]
[SourceQuality "1"]

1. e4 e5 2. Nf3 Nc6 3. Bc4 Be7 4. Nc3 Nf6 5. 0-0 d6 6. Re1 Na5 7. Be2 c5 8. Bb5+ Nc6 9. Nd5 Nxd5 10. exd5 a6 11. Bxc6+ bxc6 12. dxc6 Qc7 13. c4 Qxc6 14. Qc2 Bb7 15. b3 e4 16. d3 exf3 17. g3 Qd7 18. Kh1 Qh3 19. Rg1 Bf6 20. Bb2 Bxb2 21. Qxb2 0-0 22. Rae1 Rae8 23. Qd2 Re2 0-1

[Event "Alzira op 4th"]
[Site "Alzira"]
[Date "2014.12.30"]
[Round "7"]
[White "Moreno Simo, Javier"]
[Black "Juan Soriano, Leo"]
[Result "1-0"]
[WhiteElo "1976"]
[BlackElo "1564"]
[PlyCount "103"]
[EventDate "2014.12.27"]
[EventType "swiss"]
[EventRounds "7"]
[EventCountry "ESP"]
[SourceTitle "CBM 164 Extra"]
[Source "ChessBase"]
[SourceDate "2015.03.02"]
[SourceVersion "1"]
[SourceVersionDate "2015.03.02"]
[SourceQuality "1"]

1. d4 Nf6 2. Bg5 d6 3. Bxf6 exf6 4. e3 Nd7 5. g3 f5 6. c4 g6 7. Bg2 Bg7 8. Ne2 0-0 9. 0-0 c6 10. Nbc3 Nf6 11. Qd3 Nh5 12. Rab1 Bd7 13. b4 a6 14. a4 Qc7 15. Rfc1 Rab8 16. b5 axb5 17. axb5 Rfc8 18. Rb2 Qd8 19. Rcb1 Ra8 20. bxc6 bxc6 21. Rb7 Rab8 22. R1b3 Rxb7 23. Rxb7 Rb8 24. Qb1 Rxb7 25. Qxb7 Qe8 26. Na4 d5 27. Nb6 Be6 28. cxd5 cxd5 29. Bxd5 Qb5 30. Bxe6 fxe6 31. Qc8+ Kf7 32. Qc7+ Ke8 33. Nc3 Qa5 34. Qd7+ Kf8 35. Qxe6 Nf6 36. Qc8+ Ne8 37. Qe6 Nf6 38. Ncd5 Nxd5 39. Nxd5 Qa1+ 40. Kg2 Qa8 41. h4 Qe8 42. Nf4 Qf7 43. d5 Kg8 44. d6 Bf6 45. d7 Kg7 46. h5 g5 47. h6+ Kf8 48. Qd6+ Kg8 49. d8Q+ Bxd8 50. Qxd8+ Qf8 51. Qxf8+ Kxf8 52. Ne6+ 1-0